000 00796nam a2200265Ia 4500
003 OSt
005 20220925214642.0
006 a|||||r|||| 00| 0
007 ta
008 220923b |||||||| |||| 00| 0 eng d
020 _a0861874188
037 _cGeneral Book
040 _aRTL
_cRTL
_beng
041 _2eng
_aeng
082 _aX.79172.N8, M6
100 _aJeffrey Henry B
_9280845
245 0 _aGuyana
_b Politics, economics and society beyond Burnham era
260 _aLondon
_bFrances Pinter
_c1986
300 _axiv,203p.
_ccm.
500 _aBibliography: P 187-191
650 _aEconomic Conditions Latin America
700 _a Baber Colin
_9280846
942 _hX.79172.N8, M6
_cGB
_2CC
999 _c566125
_d566125